000 00379nam a2200157Ia 4500
999 _c10795
_d10795
008 191201s2011 xx 000 0 und d
082 _a512.4
_bJAG
100 _aSIKHA, J.S.
245 0 _aGroups And Rings
250 _a10th
260 _aNew Delhi
_bJeevansons Pub.
_c2020
300 _aMisc
650 _aBA GEN
700 _aGARG, Sanjay and others
942 _2ddc
_cBK
_012